Disney Realfilme erraten mit Bildern - Statistiken

Allgemein
  • Dieses Quiz wurde 368 mal gespielt
  • Das Durchschnittsergebnis liegt bei 4 aus 13
Antwortstatistiken
Bildquiz Antwort % Korrekt
Mary Poppins
87%
101 Dalmatiner
84%
Die fantastische Welt von Oz
36%
Flubber
31%
Verwünscht
30%
Liebling, ich habe die Kinder geschrumpft
26%
Falsches Spiel mit Roger Rabbit
23%
Hocus Pocus
23%
Into the Woods
12%
Sky High
5%
Onkel Remus' Wunderland
4%
Aus dem Dschungel In den Dschungel
3%
Das Haus der Zukunft
1%
Keine übereinstimmenden Quizze gefunden
Verteilung der Resultate
Anzahl Personen mit jedem Resultat
Perzentil nach korrekt beantworteten Fragen
Ihre Resultats-Entwicklung
Sie haben dieses Quiz noch nicht gespielt